00310nam a22000977a 4500008004100000082001600041110003200057245006800089260004800157300000700205230621b xxu||||| |||| 00| 0 eng d a328.03bNAZ bNational Assembly of Zambia aParliamentary Procedure Abstract Series 11bLegislative Process bNational Assembly Research Departmentc1995 a4p